Statistiques concernant Culture Générale - Série 519

Cliquez ici pour prendre le quiz!

Statistiques générales

  • Ce quiz a été pris 121 fois
  • Le résultat moyen est 7 sur 10

Statistiques - réponses

QuestionRéponse% Correct
En France, quel était l'âge de la majorité légale avant d'être abaissé à 18 ans en 1974 ?21 ans
99%
Quel sens, particulièrement développé chez le lynx, a donné lieu à une expression ?La vue
99%
Dans le conte, combien de femmes Barbe-Bleue a-t-il épousées ?7
87%
Quel président de la 5e République française avait une femme prénommée Claude ?Georges Pompidou
86%
Quelle céréale est "en herbe" selon le titre d'un roman de Colette ?blé
84%
A quelle ville est associée la chartreuse dans le titre d'un roman de Stendhal ?Parme
78%
Quelle est l'année de la disparition de Jacques Brel ?1978
66%
Quelle chanson piquante de Jacques Dutronc, Vanessa Paradis reprend-elle dans un album de 1994 ?Les Cactus
59%
Quelle douceur Joachim Du Bellay regrette-t-il dans le poème "Heureux qui, comme Ulysse..." ?La douceur angevine
29%
Quelle comédienne jouait le rôle-titre du feuilleton "La Demoiselle d'Avignon" en 1972 ?Marthe Keller
23%

Distribution des résultats

Percentile par nombre de réponses

% des personnes avec chaque résultat

Votre développement - résultats

Vous n’avez pas pris ce quiz